20 Busiest Airports in Japan - Statistics

General Stats
  • This quiz has been taken 635 times
  • The average score is 13 of 20
Answer Stats
Ranking Airport % Correct
2 Tokyo Narita
96%
1 Tokyo Haneda
94%
3 Fukuoka
92%
4 New Chitose
91%
7 Osaka Itami
91%
6 Naha
87%
14 Hiroshima
84%
10 Sendai
78%
5 Osaka Kansai
77%
13 Nagasaki
73%
16 Kobe
66%
9 Kagoshima
60%
8 Chubu
54%
11 Kumamoto
47%
20 Hakodate
46%
15 Matsuyama
40%
12 Miyazaki
40%
19 Oita
38%
18 Ishigaki
25%
17 Komatsu
24%
No matching quizzes found
Score Distribution
Percent of People with Each Score
Percentile by Number Answered
Your Score History
You have not taken this quiz